Statistics for National Mottos Quiz

Click here to take the quiz!

General Stats

  • This quiz has been taken 14 times
  • The average score is 5 of 10

Answer Stats

MottoCountry% Correct
Ordem e progressoBrazil
86%
E Pluribus UnumUnited States
79%
Satyameva JayateIndia
64%
SPQRRoman Empire
64%
Plus UltraSpain
64%
L'union fait la forceBelgium
50%
ǃke e꞉ ǀxarra ǁkeSouth Africa
43%
A.E.I.O.U.Habsburg Monarchy
36%
Je maintiendraiThe Netherlands
36%
Deo VindiceConfederate States
7%

Score Distribution

Percentile by Number Answered

Percent of People with Each Score

Your Score History

You have not taken this quiz